| 000 | 01395nam a22002657a 4500 | ||
|---|---|---|---|
| 999 |
_c60437 _d60437 |
||
| 003 | Ge_BSU | ||
| 005 | 20230718145136.0 | ||
| 008 | 230718s2023ge xxu||||| |||| 00| 0 geo d | ||
| 020 | _a9789941335334 | ||
| 041 | _ageo | ||
| 080 | _a005.915+336.131 ბ-83 | ||
| 100 |
_aბოლქვაძე, ბესიკ, ავტორი. _91967 |
||
| 245 |
_aფინანსური მენეჯმენტი : _bსაბაზისო დონე (საფუძვლები) : [სახელმძღვანელო] / _cბესიკ ბოლქვაძე ; რედ. ნიკოლოზ ბაკაშვილი |
||
| 250 | _aმე-2 განახლებული გამოცემა. | ||
| 264 |
_aთბილისი : _bუნივერსალი, _c 2023. |
||
| 300 |
_a518 გვ. : _bნახ. ; _c25 სმ |
||
| 500 | _aწიგნს ახლავს ავტორის მინაწერი. | ||
| 504 | _aბიბლიოგრაფია: გვ. 495. | ||
| 653 | _aფინანსური მენეჯმენტი : საბაზისო დონე | ||
| 653 | _aეკონომიკა | ||
| 653 | _aმენეჯმენტი | ||
| 700 |
_aბაკაშვილი, ნიკოლოზ _eრედაქტორი _94439 |
||
| 773 | _tნაჩუქარი | ||
| 942 |
_2udc _cBK |
||